[Event "Belleuve Chess 2012"]
[Site "Alcudia ESP"]
[Date "2012.10.19"]
[Round "6.14"]
[White "Perez Gandesa, Jose Antonio"]
[Black "Kopischke, Maik"]
[Result "1/2-1/2"]
[WhiteElo "1881"]
[BlackElo "1867"]
[PlyCount "46"]
[EventDate "2012.10.14"]
[EventType "swiss"]
[EventRounds "9"]
[EventCountry "ESP"]
[Source "lmi"]
[SourceDate "2012.10.14"]

1. d4 Nf6 2. Bg5 d5 3. Bxf6 exf6 4. e3 Be6 5. Bd3 c5 6. c3 Qb6 7. Qb3 c4 8.
Qxb6 axb6 9. Bc2 Nc6 10. Nd2 Bd6 11. Ne2 O-O 12. O-O b5 13. a3 Rfe8 14. Rfe1 b6
15. Nf4 Bxf4 16. exf4 g6 17. Kf1 Re7 18. Re3 b4 19. cxb4 Nxb4 20. Rc1 Nc6 21.
Nf3 b5 22. Rce1 Rae8 23. h3 h5 1/2-1/2

[Event "Belleuve Chess 2012"]
[Site "Alcudia ESP"]
[Date "2012.10.19"]
[Round "6.15"]
[White "Castello Castello, Juan Jose"]
[Black "Achtmann, Armin"]
[Result "0-1"]
[WhiteElo "1735"]
[BlackElo "1978"]
[PlyCount "94"]
[EventDate "2012.10.14"]
[EventType "swiss"]
[EventRounds "9"]
[EventCountry "ESP"]
[Source "lmi"]
[SourceDate "2012.10.14"]

1. Nf3 f5 2. c4 Nf6 3. Nc3 c6 4. g3 d5 5. cxd5 cxd5 6. d4 Nc6 7. Bf4 e6 8. Bg2
Bd6 9. Ne5 Qb6 10. Qd2 Bxe5 11. Bxe5 Nxe5 12. dxe5 Ng4 13. O-O Nxe5 14. Na4 Qd8
15. Qc3 Qf6 16. Rac1 O-O 17. b3 Bd7 18. Nc5 Bc6 19. f4 Ng4 20. Qxf6 Rxf6 21.
Nd3 Ne3 22. Rfe1 Nxg2 23. Kxg2 Rc8 24. Ne5 Rff8 25. Kf2 Bb5 26. a4 Ba6 27. Ke3
Rfd8 28. Kd4 Rxc1 29. Rxc1 Bxe2 30. Rc7 b5 31. a5 a6 32. b4 h5 33. Ra7 Rd6 34.
Kc5 Rd8 35. Rxa6 d4 36. Nc6 Rd5+ 37. Kb6 d3 38. Ne7+ Kh7 39. Nxd5 exd5 40. Kb7
d2 41. Rc6 d1=Q 42. a6 d4 43. a7 Qa4 44. Ra6 Bf3+ 45. Kb6 d3 46. a8=Q Bxa8 47.
Kc5 Qxa6 0-1

[Event "Belleuve Chess 2012"]
[Site "Alcudia ESP"]
[Date "2012.10.19"]
[Round "6.16"]
[White "Figuerola Campins, Antonio"]
[Black "Pelegri Castello, Elias"]
[Result "1/2-1/2"]
[WhiteElo "1919"]
[BlackElo "1837"]
[PlyCount "42"]
[EventDate "2012.10.14"]
[EventType "swiss"]
[EventRounds "9"]
[EventCountry "ESP"]
[Source "lmi"]
[SourceDate "2012.10.14"]

1. e4 e6 2. d4 d5 3. Nc3 dxe4 4. Nxe4 Nf6 5. Nxf6+ Qxf6 6. Nf3 h6 7. Bd3 Bd6 8.
Be3 Nd7 9. O-O O-O 10. Qd2 Re8 11. Rfe1 e5 12. dxe5 Nxe5 13. Nxe5 Bxe5 14. Bd4
Bd7 15. Bxe5 Rxe5 16. Be4 Be6 17. Qd4 Kh8 18. Rad1 Bf5 19. c3 Bxe4 20. Rxe4
Rxe4 21. Qxe4 Rd8 1/2-1/2

[Event "Belleuve Chess 2012"]
[Site "Alcudia ESP"]
[Date "2012.10.19"]
[Round "6.17"]
[White "Castrillon Otero, Javier"]
[Black "Gimenez Garcia, Emilio"]
[Result "1-0"]
[WhiteElo "1897"]
[BlackElo "1806"]
[PlyCount "77"]
[EventDate "2012.10.14"]
[EventType "swiss"]
[EventRounds "9"]
[EventCountry "ESP"]
[Source "lmi"]
[SourceDate "2012.10.14"]

1. d4 d5 2. c4 e6 3. Nc3 Nf6 4. Nf3 Nbd7 5. e3 c6 6. Bd3 Be7 7. e4 dxe4 8. Nxe4
Nxe4 9. Bxe4 Nf6 10. Bc2 c5 11. O-O cxd4 12. Nxd4 O-O 13. b3 Qb6 14. Nf3 Bd7
15. Bb2 Bc6 16. Qe2 Rad8 17. Ne5 Qa5 18. Nxc6 bxc6 19. Rad1 Qg5 20. Bb1 Bd6 21.
Rd3 Ng4 22. Rh3 h6 23. Bc1 Bf4 24. Qe4 Bxh2+ 25. Rxh2 Qg6 26. Qxg6 fxg6 27. Rh3
Nxf2 28. Rf3 Rxf3 29. gxf3 Nd1 30. Bxg6 Nc3 31. a4 Rb8 32. Bc2 Kf7 33. Kf2 a5
34. Bd2 Na2 35. Bxa5 c5 36. Ra1 Nb4 37. Bxb4 cxb4 38. Be4 Rh8 39. a5 1-0

[Event "Belleuve Chess 2012"]
[Site "Alcudia ESP"]
[Date "2012.10.19"]
[Round "6.18"]
[White "Naranjo Moreno, Jose Javier"]
[Black "Kehloul Gutierrez, Sadek"]
[Result "0-1"]
[WhiteElo "1894"]
[BlackElo "1776"]
[PlyCount "74"]
[EventDate "2012.10.14"]
[EventType "swiss"]
[EventRounds "9"]
[EventCountry "ESP"]
[Source "lmi"]
[SourceDate "2012.10.14"]

1. Nf3 Nf6 2. d4 g6 3. c4 Bg7 4. Nc3 O-O 5. e4 d6 6. Be2 Nbd7 7. O-O e5 8. d5
Re8 9. Qc2 c5 10. Ne1 Nb6 11. a3 Bd7 12. Nb5 Bxb5 13. cxb5 Rc8 14. Be3 Qd7 15.
f3 Kh8 16. Rc1 Ng8 17. Qd2 f5 18. Qa5 f4 19. Bf2 Qd8 20. b4 cxb4 21. Rxc8 Nxc8
22. Qxb4 Re7 23. a4 b6 24. Nd3 Rc7 25. Qb3 Nf6 26. Nb4 Ne7 27. Nc6 Qe8 28. Nxa7
Rxa7 29. Bxb6 Rb7 30. a5 Nd7 31. Bf2 Qa8 32. Qa3 Nc5 33. a6 Rc7 34. b6 Rc8 35.
Bxc5 Rxc5 36. b7 Qa7 37. Rb1 Rc1# 0-1

[Event "Belleuve Chess 2012"]
[Site "Alcudia ESP"]
[Date "2012.10.19"]
[Round "6.19"]
[White "Correia, Sandra Ventura"]
[Black "Diez Jover, Alberto"]
[Result "0-1"]
[WhiteElo "1797"]
[BlackElo "1891"]
[PlyCount "88"]
[EventDate "2012.10.14"]
[EventType "swiss"]
[EventRounds "9"]
[EventCountry "ESP"]
[Source "lmi"]
[SourceDate "2012.10.14"]

1. e4 c5 2. Nc3 d6 3. f4 e6 4. Nf3 Ne7 5. Bb5+ Nbc6 6. O-O g6 7. d4 cxd4 8.
Qxd4 Rg8 9. Be3 Bg7 10. Qd2 a6 11. Bxc6+ bxc6 12. Rad1 d5 13. Bc5 Rb8 14. b4
Bd7 15. Ne5 Qc7 16. Qf2 Bc8 17. exd5 cxd5 18. Ne2 h5 19. Nd4 Bb7 20. Rfe1 Nc6
21. Nexc6 Bxc6 22. Qh4 Bxd4+ 23. Rxd4 Ba8 24. Qf6 Qd7 25. Qe5 Qb7 26. f5 gxf5
27. Qxf5 Rg6 28. Qxh5 Kd7 29. Rf1 Kc6 30. Qh7 Rbg8 31. g3 R6g7 32. Qd3 Qc7 33.
Qxa6+ Kd7 34. Rdf4 f5 35. Qa7 Bb7 36. Qb6 Qb8 37. Qb5+ Kc8 38. Qd3 Bc6 39. a3
Bb5 40. Qc3 Kd7 41. R1f2 Bc4 42. Rd2 Qxf4 43. Rxd5+ Bxd5 44. Be3 Rxg3+ 0-1

[Event "Belleuve Chess 2012"]
[Site "Alcudia ESP"]
[Date "2012.10.19"]
[Round "6.20"]
[White "Ballester Cladera, Antonio"]
[Black "Gutierrez Abarrategui, Luis"]
[Result "0-1"]
[WhiteElo "1770"]
[BlackElo "1861"]
[PlyCount "108"]
[EventDate "2012.10.14"]
[EventType "swiss"]
[EventRounds "9"]
[EventCountry "ESP"]
[Source "lmi"]
[SourceDate "2012.10.14"]

1. d4 d5 2. c4 e6 3. Bf4 f5 4. e3 c6 5. Nf3 Nf6 6. a3 Bd6 7. Bg3 O-O 8. Nc3 Ne4
9. Bxd6 Qxd6 10. Ne5 Nd7 11. Nxd7 Bxd7 12. Qc2 a6 13. c5 Qe7 14. Bd3 e5 15. O-O
exd4 16. exd4 Qh4 17. f4 Rf6 18. Bxe4 fxe4 19. Qf2 Qh5 20. Rae1 Raf8 21. Qe3
Kh8 22. h3 Qf7 23. Ne2 g5 24. f5 Rxf5 25. Rxf5 Qxf5 26. Ng3 Qg6 27. Qb3 Bc8 28.
Qe3 h5 29. Ne2 h4 30. Nc3 g4 31. hxg4 Bxg4 32. b4 Rf3 33. Qd2 Rd3 34. Qc2 Bf3
35. Rf1 Rxc3 36. Qf2 Qxg2+ 37. Qxg2 Bxg2 38. Kxg2 Kg7 39. a4 Kg6 40. b5 cxb5
41. axb5 axb5 42. Rb1 Rc4 43. Rxb5 Rxd4 44. Rxb7 Rc4 45. Rc7 d4 46. Rc8 Kf7 47.
c6 Ke7 48. Rh8 Rxc6 49. Rxh4 Re6 50. Kf2 Kd6 51. Ke2 Kd5 52. Kd2 Rg6 53. Rh8
Rg2+ 54. Kd1 Kc4 0-1

[Event "Belleuve Chess 2012"]
[Site "Alcudia ESP"]
[Date "2012.10.19"]
[Round "6.21"]
[White "Nadal Bestard, Sebastia"]
[Black "Contreras Cabot, Marc"]
[Result "0-1"]
[WhiteElo "1851"]
[BlackElo "1805"]
[PlyCount "64"]
[EventDate "2012.10.14"]
[EventType "swiss"]
[EventRounds "9"]
[EventCountry "ESP"]
[Source "lmi"]
[SourceDate "2012.10.14"]

1. d4 d5 2. c4 e6 3. Nc3 Nf6 4. e3 c6 5. Nf3 Nbd7 6. Bd3 dxc4 7. Bxc4 b5 8. Bd3
Bb7 9. e4 b4 10. Na4 Be7 11. O-O O-O 12. Bc2 Ba6 13. Re1 Qc7 14. e5 Nd5 15. Bg5
h6 16. Bxe7 Nxe7 17. Rc1 Bc4 18. b3 Bd5 19. Nd2 f5 20. Nc4 Nb6 21. Nc5 g5 22.
Qh5 Kg7 23. Ne3 Qc8 24. Bd3 a5 25. Nc4 Qd8 26. Rcd1 Ra7 27. Nxb6 Qxb6 28. Bc4
Ng6 29. g3 Re7 30. Bd3 Qd8 31. Rd2 Kh7 32. g4 Nf4 0-1

[Event "Belleuve Chess 2012"]
[Site "Alcudia ESP"]
[Date "2012.10.19"]
[Round "6.22"]
[White "Dominguez Marquez Juan, Car"]
[Black "Garcia Verd, Francisco"]
[Result "0-1"]
[WhiteElo "1718"]
[BlackElo "1954"]
[PlyCount "42"]
[EventDate "2012.10.14"]
[EventType "swiss"]
[EventRounds "9"]
[EventCountry "ESP"]
[Source "lmi"]
[SourceDate "2012.10.14"]

1. e4 d5 2. exd5 Qxd5 3. Nc3 Qd8 4. Nf3 Bf5 5. Bc4 e6 6. d3 Nc6 7. Bf4 Bd6 8.
Qd2 a6 9. a3 h6 10. O-O Nf6 11. Rfe1 O-O 12. Nh4 Bxf4 13. Qxf4 Bh7 14. Nf3 Qd6
15. Qh4 Ne7 16. Ne4 Nxe4 17. dxe4 Ng6 18. Qh3 Rad8 19. Rad1 Qxd1 20. Rxd1 Rxd1+
21. Bf1 Nf4 0-1

[Event "Belleuve Chess 2012"]
[Site "Alcudia ESP"]
[Date "2012.10.19"]
[Round "6.23"]
[White "Nadal Marti, Bernardo Pedro"]
[Black "Maseda Iglesias, Luis"]
[Result "1-0"]
[WhiteElo "1966"]
[BlackElo "1741"]
[PlyCount "65"]
[EventDate "2012.10.14"]
[EventType "swiss"]
[EventRounds "9"]
[EventCountry "ESP"]
[Source "lmi"]
[SourceDate "2012.10.14"]

1. d4 d5 2. c4 c6 3. Nc3 e6 4. Nf3 Nf6 5. Bg5 h6 6. Bh4 dxc4 7. a4 Bb4 8. Bxf6
gxf6 9. e3 b5 10. Be2 Bb7 11. O-O a6 12. e4 Nd7 13. Qc2 Qc7 14. Rfd1 Bxc3 15.
Qxc3 c5 16. d5 Qf4 17. axb5 axb5 18. Rxa8+ Bxa8 19. Qa5 Qb8 20. b3 exd5 21.
exd5 O-O 22. bxc4 b4 23. g3 Re8 24. Bd3 Qb6 25. Qa4 Qb7 26. Ra1 Rd8 27. Re1 Kf8
28. Bf5 Nb6 29. Qa1 Rd6 30. Nd2 Qb8 31. Ne4 Nxc4 32. Nxd6 Nxd6 33. Qxf6 1-0

[Event "Belleuve Chess 2012"]
[Site "Alcudia ESP"]
[Date "2012.10.19"]
[Round "6.24"]
[White "Romeu De La Cruz, Josep"]
[Black "Nin Serres, Pere"]
[Result "1-0"]
[WhiteElo "1902"]
[BlackElo "1732"]
[PlyCount "83"]
[EventDate "2012.10.14"]
[EventType "swiss"]
[EventRounds "9"]
[EventCountry "ESP"]
[Source "lmi"]
[SourceDate "2012.10.14"]

1. b3 d5 2. Bb2 Nc6 3. e3 e6 4. Nf3 Bd6 5. Bb5 Nf6 6. Nd4 Bd7 7. f4 Nxd4 8.
Bxd7+ Qxd7 9. Bxd4 Qe7 10. Qe2 O-O 11. O-O Ne8 12. Qh5 f5 13. Be5 Nf6 14. Qh3
Ng4 15. d4 Nf6 16. Nd2 Bb4 17. Bxf6 Rxf6 18. Nf3 Bd6 19. Kh1 Rh6 20. Qg3 Kh8
21. Qf2 Rg8 22. g3 Rf6 23. c4 c6 24. c5 Bc7 25. a4 b6 26. b4 Ra8 27. Rfc1 Qe8
28. Rc2 bxc5 29. bxc5 Rf8 30. Rb1 Rb8 31. Rcb2 h6 32. Qf1 Qh5 33. Kg2 g5 34.
Rb7 Rxb7 35. Rxb7 Rc8 36. Rxa7 Rb8 37. Rxc7 Rb2+ 38. Kg1 g4 39. Nh4 Qe8 40. Qa1
Qb8 41. Ng6+ Kg8 42. Rc8+ 1-0

[Event "Belleuve Chess 2012"]
[Site "Alcudia ESP"]
[Date "2012.10.19"]
[Round "6.25"]
[White "Alfven, Jorgen"]
[Black "Strand, Oyvin"]
[Result "0-1"]
[WhiteElo "1846"]
[BlackElo "1899"]
[PlyCount "80"]
[EventDate "2012.10.14"]
[EventType "swiss"]
[EventRounds "9"]
[EventCountry "ESP"]
[Source "lmi"]
[SourceDate "2012.10.14"]

1. d4 g6 2. c4 Bg7 3. Nc3 d6 4. e4 Nd7 5. f4 c5 6. d5 a6 7. a4 h5 8. Nf3 Nh6 9.
Bd3 Bxc3+ 10. bxc3 Qa5 11. Bb2 Nb6 12. Nd2 Nd7 13. O-O Nf6 14. h3 Bd7 15. e5
Nh7 16. e6 fxe6 17. Bxg6+ Kd8 18. Nb3 Qb6 19. a5 Qa7 20. dxe6 Bc6 21. Qxh5 Nf6
22. Qe2 Rg8 23. f5 Nxf5 24. Bxf5 Rxg2+ 25. Qxg2 Bxg2 26. Kxg2 Kc7 27. Rf4 b6
28. Nd2 bxa5 29. Kf2 Qb7 30. Ba3 Rf8 31. Rg1 Qc6 32. Rg7 Kd8 33. Ke2 Qh1 34.
Rf1 Qh2+ 35. Kd1 Qe5 36. Kc2 Ne4 37. Nxe4 Qxg7 38. Bc1 Qe5 39. Nxd6 Qh2+ 40.
Kb1 Qxd6 0-1

[Event "Belleuve Chess 2012"]
[Site "Alcudia ESP"]
[Date "2012.10.19"]
[Round "6.26"]
[White "Carranza Pons, Ricardo Nelson"]
[Black "Navarrete Abraham, Jorge"]
[Result "0-1"]
[WhiteElo "1718"]
[BlackElo "1893"]
[PlyCount "57"]
[EventDate "2012.10.14"]
[EventType "swiss"]
[EventRounds "9"]
[EventCountry "ESP"]
[Source "lmi"]
[SourceDate "2012.10.14"]

1. d4 Nf6 2. Bf4 g6 3. e3 Bg7 4. Be2 O-O 5. h4 c5 6. h5 cxd4 7. exd4 Qa5+ 8. c3
g5 9. Be5 d6 10. Bh2 h6 11. Nd2 Nc6 12. Nc4 Qd8 13. Ne3 Qb6 14. Qc2 Be6 15. f4
gxf4 16. Bxf4 Rfc8 17. Qb1 Nxd4 18. cxd4 Qxd4 19. Rh4 Qb4+ 20. Kf1 Ng4 21. Nxg4
Qxf4+ 22. Bf3 Qg5 23. Qe1 Rc2 24. Nh3 Qb5+ 25. Kg1 Qxb2 26. Kh1 Qxa1 27. Qxa1
Bxa1 28. Ne3 Rc1+ 29. Kh2 0-1

[Event "Belleuve Chess 2012"]
[Site "Alcudia ESP"]
[Date "2012.10.19"]
[Round "6.27"]
[White "Ramis Sebastia, Jordi Salvador"]
[Black "Valarezzo Ricard, Pedro"]
[Result "0-1"]
[WhiteElo "1675"]
[BlackElo "1888"]
[PlyCount "168"]
[EventDate "2012.10.14"]
[EventType "swiss"]
[EventRounds "9"]
[EventCountry "ESP"]
[Source "lmi"]
[SourceDate "2012.10.14"]

1. d4 Nf6 2. c4 c5 3. d5 e5 4. Nc3 d6 5. e4 a6 6. Be2 Qa5 7. Qd3 Bd7 8. Bd2 Qc7
9. f4 exf4 10. Bxf4 Be7 11. Nf3 O-O 12. O-O b5 13. cxb5 axb5 14. Nxb5 Bxb5 15.
Qxb5 Nxe4 16. Bd3 Nf6 17. Qc4 Nbd7 18. Be4 Nb6 19. Qd3 c4 20. Qd4 Nxe4 21. Qxe4
Bf6 22. Ng5 Bxg5 23. Bxg5 Rae8 24. Qf3 Qc5+ 25. Qf2 Qxf2+ 26. Rxf2 Re5 27. Bf4
Rxd5 28. Raf1 f6 29. Bd2 Re8 30. h3 Rd3 31. Bb4 d5 32. Rd2 Rxd2 33. Bxd2 Re2
34. Rf2 Re4 35. b3 cxb3 36. axb3 Kf7 37. Ba5 Nc8 38. b4 Re1+ 39. Kh2 Ra1 40.
Rc2 Nd6 41. Rc5 d4 42. Rd5 Nc4 43. Bc7 Rd1 44. b5 Ke6 45. Rd8 Rb1 46. b6 Ne5
47. Rxd4 Nd7 48. Rd6+ Ke7 49. Rc6 Rb5 50. Bd6+ Kd8 51. Bc7+ Ke8 52. Rd6 Ke7 53.
Rc6 h5 54. Bd6+ Kd8 55. Bc7+ Ke8 56. Re6+ Kf7 57. Rc6 Ne5 58. Bxe5 Rxe5 59.
Rc7+ Kg6 60. b7 Rb5 61. Re7 Kh6 62. Rf7 Rb6 63. Re7 h4 64. Kg1 Rb2 65. Kf1 g5
66. Ke1 Kg6 67. Kd1 f5 68. Kc1 Rb5 69. Kc2 g4 70. Kc3 Kg5 71. Kc4 Rb1 72. Kc5
Kf4 73. hxg4 fxg4 74. Kc6 Kg3 75. Re8 Kxg2 76. b8=Q Rxb8 77. Rxb8 h3 78. Rb2+
Kg3 79. Rb3+ Kh4 80. Kd5 h2 81. Rb1 g3 82. Ke4 g2 83. Kf3 g1=Q 84. Rb4+ Kh5 0-1

[Event "Belleuve Chess 2012"]
[Site "Alcudia ESP"]
[Date "2012.10.19"]
[Round "6.28"]
[White "Perez Prieto, German"]
[Black "Abrines Sampol, Lorenzo"]
[Result "0-1"]
[WhiteElo "1872"]
[BlackElo "1707"]
[PlyCount "112"]
[EventDate "2012.10.14"]
[EventType "swiss"]
[EventRounds "9"]
[EventCountry "ESP"]
[Source "lmi"]
[SourceDate "2012.10.14"]

1. Nf3 d5 2. d4 Bf5 3. Bf4 e6 4. e3 Bd6 5. Ne5 Bxe5 6. Bxe5 f6 7. Bg3 Nd7 8. f4
Ne7 9. Bd3 O-O 10. Bh4 c5 11. g4 Bg6 12. c3 Qb6 13. b3 Rac8 14. Bxg6 Nxg6 15.
Bf2 c4 16. b4 a5 17. Qa4 Qc7 18. b5 b6 19. Qc2 f5 20. h4 fxg4 21. h5 Nxf4 22.
exf4 Qxf4 23. Rf1 Qh2 24. Qe2 g3 25. Bg1 Rxf1+ 26. Qxf1 Qb2 27. Qe2 Qc1+ 28.
Qd1 Qf4 29. Nd2 Rf8 30. Qe2 e5 31. O-O-O e4 32. Rf1 Qd6 33. Kb2 Nf6 34. Be3 Qd7
35. a4 Qh3 36. h6 Ng4 37. Rxf8+ Kxf8 38. hxg7+ Kxg7 39. Bg1 h5 40. Qf1 Qxf1 41.
Nxf1 h4 42. Kc2 e3 43. Kd1 Kg6 44. Ke2 Kf5 45. Kf3 e2 46. Kxe2 Ke4 47. Nd2+ Kf4
48. Nxc4 dxc4 49. d5 h3 50. d6 Ne5 51. Be3+ Ke4 52. Bd4 h2 53. Bxe5 h1=Q 54. d7
Qf3+ 55. Ke1 Qe3+ 56. Kd1 Qd3+ 0-1

[Event "Belleuve Chess 2012"]
[Site "Alcudia ESP"]
[Date "2012.10.19"]
[Round "6.29"]
[White "Veras Sanz Jose, Antonio"]
[Black "Hidalgo Maireles, Juan Carlos"]
[Result "0-1"]
[WhiteElo "1712"]
[BlackElo "1811"]
[PlyCount "54"]
[EventDate "2012.10.14"]
[EventType "swiss"]
[EventRounds "9"]
[EventCountry "ESP"]
[Source "lmi"]
[SourceDate "2012.10.14"]

1. e4 e6 2. d4 d5 3. Nd2 dxe4 4. Nxe4 Nd7 5. Nf3 Ngf6 6. Bd3 Be7 7. Nxf6+ Nxf6
8. O-O O-O 9. Be3 b6 10. c3 Bb7 11. Nd2 Rc8 12. Qe2 c5 13. Ba6 Qd5 14. Bxb7
Qxb7 15. Qf3 Qxf3 16. Nxf3 Nd5 17. Rac1 h6 18. Bd2 Rfd8 19. Rfd1 Bf6 20. dxc5
Rxc5 21. b4 Rc4 22. Be1 Rdc8 23. Nd2 Rxc3 24. Rxc3 Bxc3 25. Rc1 Rc7 26. Nf3
Bxe1 27. Rxc7 Bxf2+ 0-1

[Event "Belleuve Chess 2012"]
[Site "Alcudia ESP"]
[Date "2012.10.19"]
[Round "6.30"]
[White "Trillo-Figueroa Vidal, Antonio"]
[Black "Sierra Bermejo, Gregorio"]
[Result "1-0"]
[WhiteElo "1809"]
[BlackElo "1647"]
[PlyCount "97"]
[EventDate "2012.10.14"]
[EventType "swiss"]
[EventRounds "9"]
[EventCountry "ESP"]
[Source "lmi"]
[SourceDate "2012.10.14"]

1. e4 d5 2. exd5 Qxd5 3. Nc3 Qd8 4. d4 Nf6 5. Nf3 c6 6. Be2 Bf5 7. O-O e6 8.
Bg5 Nbd7 9. Re1 h6 10. Bh4 Bd6 11. Bd3 Bxd3 12. Qxd3 Qc7 13. Rad1 O-O-O 14. a4
g5 15. Bg3 Nh5 16. Bxd6 Qxd6 17. Ne4 Qc7 18. a5 f5 19. Ng3 Nf4 20. Qc4 Rde8 21.
a6 b5 22. Qb3 Nb6 23. Ne5 c5 24. dxc5 Qxc5 25. Qf3 Nbd5 26. Nd3 g4 27. Nxc5
gxf3 28. gxf3 h5 29. Nxe6 Reg8 30. Nxf4 Nxf4 31. h4 Ng6 32. Kf1 Nxh4 33. Rd3 f4
34. Rc3+ Kb8 35. Ne4 Rh6 36. Nc5 Rhg6 37. Nd7+ Ka8 38. Re7 Nf5 39. Re4 Rg1+ 40.
Ke2 Nd6 41. Re5 Nc4 42. Re4 Rd8 43. Rd3 Rgg8 44. Red4 Nxb2 45. Nb6+ axb6 46.
Rxd8+ Rxd8 47. Rxd8+ Ka7 48. Rd5 Kxa6 49. Rxh5 1-0

[Event "Belleuve Chess 2012"]
[Site "Alcudia ESP"]
[Date "2012.10.19"]
[Round "6.32"]
[White "Febrero Perez, Lluis"]
[Black "Deiana, Giacomo"]
[Result "0-1"]
[WhiteElo "1597"]
[BlackElo "1687"]
[Annotator "Crespi"]
[PlyCount "84"]
[EventDate "2012.10.14"]
[EventType "swiss"]
[EventRounds "9"]
[EventCountry "ESP"]
[Source "lmi"]
[SourceDate "2012.10.14"]

1. e4 c5 2. Nf3 e6 3. b3 a6 4. Bb2 Nc6 5. d4 cxd4 6. Nxd4 Nf6 7. Nxc6 bxc6 8.
e5 Nd5 9. c4 Bb4+ 10. Nd2 Nc3 11. Qf3 Qa5 12. a3 Qxe5+ 13. Be2 Qxe2+ 14. Qxe2
Nxe2 15. axb4 Nf4 16. O-O O-O 17. Be5 Ng6 18. Bd6 Re8 19. Nf3 Bb7 20. Nd4 Ne7
21. Rfe1 Nc8 22. Bf4 f6 23. c5 Kf7 24. Bd2 Ne7 25. g4 g5 26. Re3 Kg6 27. h4 h6
28. h5+ Kf7 29. Rd3 Nd5 30. Ne2 Rad8 31. Ng3 d6 32. Ne4 dxc5 33. bxc5 Re7 34.
Nd6+ Kg7 35. Nxb7 Rxb7 36. Rxa6 Rc8 37. Ra4 e5 38. Re4 Ra8 39. Kh2 Rbb8 40. Ra4
Rxb3 41. Rxa8 Rxd3 42. Ra7+ Kf8 {Guanya negre a la jugada 70} 0-1

[Event "Belleuve Chess 2012"]
[Site "Alcudia ESP"]
[Date "2012.10.20"]
[Round "7.2"]
[White "Moueden, Mohamed Amine"]
[Black "Fiol Company, Juan"]
[Result "1-0"]
[WhiteElo "1997"]
[BlackElo "1934"]
[PlyCount "77"]
[EventDate "2012.10.14"]
[EventType "swiss"]
[EventRounds "9"]
[EventCountry "ESP"]
[Source "lmi"]
[SourceDate "2012.10.14"]

1. e4 c5 2. Nf3 d6 3. d4 cxd4 4. Nxd4 Nf6 5. Nc3 g6 6. Be3 Bg7 7. f3 O-O 8. Bc4
Nc6 9. Qd2 Bd7 10. O-O-O Rc8 11. Bb3 Ne5 12. Bh6 Bxh6 13. Qxh6 Rxc3 14. bxc3
Qa5 15. Qe3 Rc8 16. Kb2 b5 17. Ra1 b4 18. cxb4 Qxb4 19. Kc1 Rc3 20. Qg1 Nc4 21.
Bxc4 Rxc4 22. Nb3 a5 23. Rb1 Qc3 24. Na1 Ba4 25. Qf2 Nd7 26. Nb3 Nc5 27. Qd2
Nd3+ 28. Kd1 Nb2+ 29. Kc1 Nd3+ 30. Kd1 Nb2+ 31. Ke2 Qxc2 32. Rhc1 Qxd2+ 33.
Kxd2 Rxc1 34. Rxc1 Bb5 35. Nxa5 Na4 36. Nb3 Nb6 37. Rc2 e6 38. Kc3 Bf1 39. g3
1-0

[Event "Belleuve Chess 2012"]
[Site "Alcudia ESP"]
[Date "2012.10.20"]
[Round "7.3"]
[White "Gomez Olivares, Alejandro"]
[Black "Ponce Cano, Adrian"]
[Result "0-1"]
[WhiteElo "1993"]
[BlackElo "1958"]
[PlyCount "70"]
[EventDate "2012.10.14"]
[EventType "swiss"]
[EventRounds "9"]
[EventCountry "ESP"]
[Source "lmi"]
[SourceDate "2012.10.14"]

1. d4 d5 2. c4 e6 3. Nc3 c5 4. cxd5 exd5 5. Nf3 Nc6 6. g3 Nf6 7. Bg2 Be7 8. O-O
O-O 9. Bg5 cxd4 10. Nxd4 h6 11. Be3 Re8 12. Rc1 Bf8 13. Qd2 Ne5 14. Qc2 a6 15.
Rfd1 Neg4 16. Bf4 Bb4 17. Qb3 Bxc3 18. bxc3 Ne5 19. e4 Ng6 20. exd5 Nxf4 21.
gxf4 Qd6 22. c4 Bg4 23. Bf3 Qxf4 24. Bxg4 Qxg4+ 25. Qg3 Qh5 26. Rd3 Ne4 27. Qg2
Rad8 28. Re1 Nd6 29. Rc1 Ne4 30. Re1 Nd6 31. Rc1 Ne4 32. Re1 Nd6 33. Rc1 Nxc4
34. Rdd1 Rxd5 35. Nf3 Ne5 0-1

[Event "Belleuve Chess 2012"]
[Site "Alcudia ESP"]
[Date "2012.10.20"]
[Round "7.4"]
[White "Delgadillo Torrico, Felipe"]
[Black "Llamazares Lopez, Carlos"]
[Result "0-1"]
[WhiteElo "1981"]
[BlackElo "1694"]
[PlyCount "109"]
[EventDate "2012.10.14"]
[EventType "swiss"]
[EventRounds "9"]
[EventCountry "ESP"]
[Source "lmi"]
[SourceDate "2012.10.14"]

1. c4 e5 2. Nc3 Nf6 3. e4 Bc5 4. Be2 O-O 5. Nf3 Nc6 6. d3 h6 7. O-O a6 8. Nxe5
Nxe5 9. d4 Qe7 10. dxc5 Qxc5 11. b3 Qe7 12. f4 Nc6 13. e5 Ne8 14. Nd5 Qd8 15.
Bb2 d6 16. Bd3 Be6 17. Qf3 Bxd5 18. cxd5 Nb4 19. Be4 f5 20. exf6 Nxf6 21. a3
Re8 22. Bxf6 Qxf6 23. Rfd1 Qe7 24. Rd4 c5 25. dxc6 Nxc6 26. Bd5+ Kh8 27. Re4
Qf6 28. Rae1 Rxe4 29. Qxe4 Rf8 30. g3 g5 31. Bxc6 bxc6 32. Qe6 gxf4 33. Qxf6+
Rxf6 34. g4 Rg6 35. Kf2 Rxg4 36. Re6 Rh4 37. Rxd6 Rxh2+ 38. Kg1 Rc2 39. Rxh6+
Kg7 40. Rd6 Rc3 41. b4 Kf7 42. a4 Ke7 43. Rd4 f3 44. Kf2 Ke6 45. Rh4 Kd5 46.
Rg4 Rc4 47. Rg5+ Ke4 48. Rg4+ Kd3 49. Rg3 Kc3 50. b5 axb5 51. a5 Kb4 52. a6 Kc5
53. a7 Ra4 54. Rg7 Kd6 55. Rf7 0-1

[Event "Belleuve Chess 2012"]
[Site "Alcudia ESP"]
[Date "2012.10.20"]
[Round "7.5"]
[White "Lielmezs, Girts"]
[Black "Stefanov, Evtim"]
[Result "0-1"]
[WhiteElo "1910"]
[BlackElo "1963"]
[PlyCount "106"]
[EventDate "2012.10.14"]
[EventType "swiss"]
[EventRounds "9"]
[EventCountry "ESP"]
[Source "lmi"]
[SourceDate "2012.10.14"]

1. c4 e5 2. g3 Nc6 3. Nc3 g6 4. Bg2 Bg7 5. Nf3 Nf6 6. O-O O-O 7. d4 exd4 8.
Nxd4 Nxd4 9. Qxd4 d6 10. Qd3 Nd7 11. b3 Nc5 12. Qc2 Bf5 13. Qd2 Ne4 14. Bxe4
Bxe4 15. Bb2 Bf5 16. Nd5 Bxb2 17. Qxb2 f6 18. Qd4 Kg7 19. g4 Be6 20. g5 Bxd5
21. cxd5 Kg8 22. gxf6 Qxf6 23. Qxf6 Rxf6 24. Rac1 Rc8 25. Rc4 c5 26. a4 a5 27.
f3 Kg7 28. Kg2 Rb8 29. e4 b5 30. axb5 Rxb5 31. Rc3 g5 32. Kg3 Rf4 33. Rh1 Kf6
34. Rd1 Ke5 35. h3 h5 36. Rdd3 Rb4 37. Rc4 Rxc4 38. bxc4 g4 39. hxg4 hxg4 40.
fxg4 Rxe4 41. Rc3 a4 42. Kh4 Kf4 43. Kh5 Re5+ 44. Kh4 Re8 45. Kh5 Rg8 46. Ra3
Rg5+ 47. Kh6 Rxg4 48. Rxa4 Ke5 49. Kh5 Rg8 50. Kh6 Kd4 51. Kh5 Kc3 52. Ra6 Rd8
53. Rc6 Kxc4 0-1

[Event "Belleuve Chess 2012"]
[Site "Alcudia ESP"]
[Date "2012.10.20"]
[Round "7.6"]
[White "Garcia Sanz, Eduardo"]
[Black "Rautanen, Sari"]
[Result "1/2-1/2"]
[WhiteElo "1999"]
[BlackElo "1955"]
[PlyCount "54"]
[EventDate "2012.10.14"]
[EventType "swiss"]
[EventRounds "9"]
[EventCountry "ESP"]
[Source "lmi"]
[SourceDate "2012.10.14"]

1. e4 d6 2. d4 Nf6 3. Nc3 e5 4. Nf3 Nbd7 5. Bc4 Be7 6. O-O O-O 7. h3 c6 8. a4
a5 9. Be3 Qc7 10. Qe2 exd4 11. Nxd4 Nc5 12. f3 Nh5 13. Qd2 Be6 14. Nxe6 Nxe6
15. f4 Ng3 16. f5 Nxf1 17. Rxf1 Nc5 18. e5 d5 19. f6 dxc4 20. Qf2 Ne6 21. fxe7
Qxe7 22. Ne4 Rfd8 23. Nd6 Rd7 24. Qg3 Rxd6 25. exd6 Qd7 26. Kh1 Rd8 27. Rd1 Re8
1/2-1/2